Polyolefin composites /
| Corporate Author: | |
|---|---|
| Other Authors: | , |
| Format: | eBook |
| Language: | English |
| Published: |
Hoboken, N.J. :
Wiley-Interscience,
[2008]
|
| Subjects: | |
| Online Access: | Connect to the full text of this electronic book Contributor biographical information Publisher description Table of contents only |
MARC
| Tag | First Indicator | Second Indicator | Subfields |
|---|---|---|---|
| LEADER | 00000cam a2200000Ia 4500 | ||
| 001 | in00002453413 | ||
| 005 | 20210810091336.0 | ||
| 006 | m d | ||
| 007 | cr cn||||||||| | ||
| 008 | 080227s2008 njua sb 001 0 eng d | ||
| 020 | |a 0470199032 | ||
| 020 | |a 9780470199039 | ||
| 035 | |a (OCoLC)212120836 | ||
| 035 | |a (OCoLC)ocn212120836 | ||
| 037 | |a 10.1002/9780470199039 |b Wiley InterScience |n http://www3.interscience.wiley.com | ||
| 040 | |a DG1 |c DG1 |d OCLCG |d UtOrBLW | ||
| 049 | |a TEFA | ||
| 050 | 1 | 4 | |a TP1180.P67 |b P65 2008eb |
| 082 | 0 | 4 | |a 668.4/234 |2 22 |
| 245 | 0 | 0 | |a Polyolefin composites / |c edited by Domasius Nwabunma, Thein Kyu. |
| 264 | 1 | |a Hoboken, N.J. : |b Wiley-Interscience, |c [2008] | |
| 264 | 4 | |c ©2008 | |
| 300 | |a xix, 603 pages : |b illustrations ; |c 25 cm. | ||
| 336 | |a text |b txt |2 rdacontent | ||
| 337 | |a computer |b c |2 rdamedia | ||
| 338 | |a online resource |b cr |2 rdacarrier | ||
| 500 | |a Electronic resource. | ||
| 504 | |a Includes bibliographical references and index. | ||
| 533 | |a Electronic reproduction. |b Hoboken, N.J. : |c Wiley InterScience, |d 2008. |n Mode of access: World Wide Web. |n System requirements: Web browser. |n Title from title screen (viewed on Feb. 18, 2008). |n Access may be restricted to users at subscribing institutions. | ||
| 650 | 0 | |a Polymeric composites. |0 http://id.loc.gov/authorities/subjects/sh85104659 | |
| 650 | 0 | |a Polyolefins. |0 http://id.loc.gov/authorities/subjects/sh85104705 | |
| 655 | 7 | |a Electronic books. |2 local | |
| 700 | 1 | |a Kyu, Thein, |d 1948- |0 http://id.loc.gov/authorities/names/n96039301 | |
| 700 | 1 | |a Nwabunma, Domasius. |0 http://id.loc.gov/authorities/names/n2007035630 | |
| 710 | 2 | |a Wiley InterScience (Online service) |0 http://id.loc.gov/authorities/names/no00037213 | |
| 776 | 1 | |c Original |z 9780471790570 |z 0471790575 |w (DLC) 2007021316 |w (OCoLC)134992477 | |
| 856 | 4 | 0 | |u http://proxy.library.tamu.edu/login?url=https://dx.doi.org/10.1002/9780470199039 |z Connect to the full text of this electronic book |t 0 |
| 856 | 4 | 2 | |3 Contributor biographical information |u http://www.loc.gov/catdir/enhancements/fy0806/2007021316-b.html |t 0 |
| 856 | 4 | 2 | |3 Publisher description |u http://www.loc.gov/catdir/enhancements/fy0741/2007021316-d.html |t 0 |
| 856 | 4 | 2 | |3 Table of contents only |u http://www.loc.gov/catdir/toc/ecip0718/2007021316.html |t 0 |
| 994 | |a C0 |b TEF | ||
| 999 | |a MARS | ||
| 999 | f | f | |s fe45ff8a-6db0-395b-b18c-4b040a5d68d1 |i 62612093-d097-372f-a744-48f73b4d44e9 |t 0 |
| 952 | f | f | |a Texas A&M University |b College Station |c Electronic Resources |d Available Online |t 0 |e TP1180.P67 P65 2008eb |h Library of Congress classification |
| 998 | f | f | |a TP1180.P67 P65 2008eb |t 0 |l Available Online |